Quyền con người trong hiến pháp năm 2013 : Quan điểm mới cách tiếp cận mới và các quy định mới

Giới thiệu những đổi mới về quyền con ngưởi trong Hiến pháp năm 2013, về những quyền trong một số lĩnh vực cụ thể và những nhiệm vụ đặt ra trong công cuộc cải cách sắp tới

Zapisane w:
Opis bibliograficzny
1. autor: Nguyễn, Văn Hiển
Format: Książka
Język:Undetermined
Wydane: Hà Nội Chính trị Quốc gia 2014
Hasła przedmiotowe:
Etykiety: Dodaj etykietę
Nie ma etykietki, Dołącz pierwszą etykiete!
Thư viện lưu trữ: Trung tâm Học liệu Trường Đại học Cần Thơ
LEADER 00991nam a2200217Ia 4500
001 CTU_199786
008 210402s9999 xx 000 0 und d
020 |c 39000 
082 |a 342.597085 
082 |b H305 
100 |a Nguyễn, Văn Hiển 
245 0 |a Quyền con người trong hiến pháp năm 2013 : 
245 0 |b Quan điểm mới cách tiếp cận mới và các quy định mới 
245 0 |c Nguyễn Văn Hiển chủ biên 
260 |a Hà Nội 
260 |b Chính trị Quốc gia 
260 |c 2014 
520 |a Giới thiệu những đổi mới về quyền con ngưởi trong Hiến pháp năm 2013, về những quyền trong một số lĩnh vực cụ thể và những nhiệm vụ đặt ra trong công cuộc cải cách sắp tới 
650 |a Human rights,Nhân quyền 
904 |i Hải 
980 |a Trung tâm Học liệu Trường Đại học Cần Thơ